[Event "Seattle Summer Kickoff (1-3 Open)"]
[Site "Chess.com"]
[Date "2020.06.13"]
[Round "1"]
[White "Guo, Aaron"]
[Black "Vaiti, Anushka Eva"]
[Result "1-0"]
[WhiteElo "1204"]
[BlackElo "940"]
[PlyCount "21"]
[EventDate "2020.??.??"]
[SourceDate "2020.06.27"]

1. e4 e5 2. Nf3 Nc6 3. Bc4 h6 4. O-O Bc5 5. c3 d6 6. d4 exd4 7. cxd4 Bb6 8. Nc3
Bg4 9. Be3 Bxf3 10. Qxf3 Nxd4 11. Qxf7# 1-0

[Event "Seattle Summer Kickoff (1-3 Open)"]
[Site "Chess.com"]
[Date "2020.06.13"]
[Round "1"]
[White "Ivanovic, Mina"]
[Black "Holbrook, Aidan"]
[Result "0-1"]
[WhiteElo "1286"]
[BlackElo "1046"]
[PlyCount "68"]
[EventDate "2020.??.??"]
[SourceDate "2020.06.27"]

1. c4 e6 2. Nc3 d5 3. cxd5 exd5 4. e3 c6 5. g3 Bd6 6. Bg2 Ne7 7. Nf3 O-O 8. O-O
b6 9. Qc2 Bf5 10. Qd1 Nd7 11. b3 Nf6 12. Bb2 c5 13. d4 cxd4 14. Qxd4 Nc6 15.
Qd1 Re8 16. Nxd5 Ne4 17. Nc3 Nxc3 18. Bxc3 Rc8 19. Bb2 Re7 20. Nd4 Nxd4 21.
Qxd4 f6 22. Qd5+ Be6 23. Qd1 Rd7 24. Qe2 Rdc7 25. Rfd1 Rc2 26. Qd3 Rxb2 27.
Qxd6 Qxd6 28. Rxd6 Bf7 29. Rd7 Rcc2 30. Rxa7 Rxf2 31. Bc6 h6 32. Rd1 Rfc2 33.
Rdd7 Rb1+ 34. Rd1 Rxd1# 0-1

[Event "Seattle Summer Kickoff (1-3 Open)"]
[Site "Chess.com"]
[Date "2020.06.13"]
[Round "1"]
[White "Kang, William"]
[Black "Tessiore, Luca"]
[Result "0-1"]
[WhiteElo "1096"]
[BlackElo "1455"]
[PlyCount "42"]
[EventDate "2020.??.??"]
[SourceDate "2020.06.27"]

1. e4 c5 2. Nf3 Nc6 3. Bc4 g6 4. d3 Bg7 5. O-O d6 6. Nc3 Nf6 7. Be3 O-O 8. h3
a6 9. Qd2 e6 10. Bh6 b5 11. Bb3 Re8 12. a3 Bb7 13. Rfe1 Rb8 14. e5 dxe5 15.
Nxe5 Nxe5 16. Rxe5 Rc8 17. a4 b4 18. Ne2 Bh8 19. Re3 Nd5 20. Bxd5 Qxd5 21. c4
Qxg2# 0-1

[Event "Seattle Summer Kickoff (1-3 Open)"]
[Site "Chess.com"]
[Date "2020.06.13"]
[Round "1"]
[White "Kuo, Declan"]
[Black "Chaurasia, Vihaan"]
[Result "1-0"]
[WhiteElo "1120"]
[BlackElo "930"]
[PlyCount "43"]
[EventDate "2020.??.??"]
[SourceDate "2020.06.27"]

1. e4 e5 2. Nf3 Nc6 3. Nc3 Nf6 4. Bc4 Bc5 5. d3 O-O 6. Kf1 d6 7. Ke1 Bg4 8. h3
Bh5 9. g4 Bg6 10. Bg5 h6 11. Bh4 Nb4 12. a3 Nc6 13. Nd5 Nd4 14. Nxf6+ gxf6 15.
Nxd4 Bxd4 16. c3 Bc5 17. Qd2 h5 18. Qh6 hxg4 19. Qxg6+ Kh8 20. Bxf6+ Qxf6 21.
hxg4+ Qh4 22. Rxh4# 1-0

[Event "Seattle Summer Kickoff (1-3 Open)"]
[Site "Chess.com"]
[Date "2020.06.13"]
[Round "1"]
[White "Lin, Michael"]
[Black "Iyengar, Varun"]
[Result "1-0"]
[WhiteElo "1418"]
[BlackElo "1096"]
[PlyCount "61"]
[EventDate "2020.??.??"]
[SourceDate "2020.06.27"]

1. e4 c5 2. Nc3 g6 3. g3 Bg7 4. Bg2 Nc6 5. f4 d6 6. Nf3 Bg4 7. h3 Be6 8. O-O
Nf6 9. d3 O-O 10. Nh2 Nd4 11. g4 Nd7 12. f5 gxf5 13. gxf5 Qb6 14. fxe6 fxe6 15.
Ne2 Rad8 16. Nxd4 Bxd4+ 17. Kh1 Bg7 18. Qg4 Nf6 19. Qxe6+ Kh8 20. Qxe7 Nh5 21.
Qh4 Nf6 22. Ng4 Nxg4 23. Qxg4 Rxf1+ 24. Bxf1 Rf8 25. Bg2 Rg8 26. Qe6 Bxb2 27.
Rb1 Rg7 28. Bxb2 Qd8 29. Bxg7+ Kxg7 30. Rxb7+ Kf8 31. Qf7# 1-0

[Event "Seattle Summer Kickoff (1-3 Open)"]
[Site "Chess.com"]
[Date "2020.06.13"]
[Round "1"]
[White "Liu, Vincent"]
[Black "Dmitriev, Lyan"]
[Result "1/2-1/2"]
[WhiteElo "1082"]
[BlackElo "1366"]
[PlyCount "139"]
[EventDate "2020.??.??"]
[SourceDate "2020.06.27"]

1. e4 e6 2. d4 d5 3. Nc3 Bb4 4. e5 c5 5. Nf3 cxd4 6. Nxd4 Qb6 7. Bb5+ Bd7 8.
Bxd7+ Nxd7 9. O-O Ne7 10. Bg5 a6 11. Na4 Qc7 12. a3 Ba5 13. b4 Bb6 14. Nxb6
Qxb6 15. Bxe7 Kxe7 16. Nf3 Qc7 17. Rc1 Nxe5 18. Nxe5 Qxe5 19. Re1 Qd6 20. Qd2
Rad8 21. Rcd1 h6 22. Qd4 f6 23. Qg4 Rhg8 24. c4 Rc8 25. c5 Qd7 26. Qd4 Rcd8 27.
f4 Kf7 28. Qf2 Rge8 29. Rc1 Rc8 30. Kh1 Qa4 31. Qf3 Qd7 32. Rf1 Rcd8 33. Qh5+
Kg8 34. f5 Qf7 35. Qxf7+ Kxf7 36. fxe6+ Rxe6 37. Rcd1 Re7 38. Rf2 Red7 39. Rfd2
d4 40. Kg1 d3 41. Kf2 Ke6 42. Ke3 Kf5 43. Rxd3 Re8+ 44. Kf3 Rde7 45. Rc1 Re6
46. Rcc3 Rc6 47. Re3 Rd8 48. Rcd3 Ra8 49. Rd5+ Kg6 50. Rd6 Kh7 51. Rxc6 bxc6
52. Re6 Rc8 53. a4 h5 54. Re4 Rb8 55. g4 hxg4+ 56. Kxg4 g6 57. Re6 Rxb4+ 58.
Kh3 Rb3+ 59. Kg2 Rb2+ 60. Kg3 Rb3+ 61. Kg2 Rb2+ 62. Kg3 Ra2 63. Rxc6 Rxa4 64.
Rxf6 Ra5 65. Kg4 Rxc5 66. Rxa6 Rh5 67. h4 Kh6 68. Ra8 Kh7 69. Rf8 Kg7 70. Rd8
1/2-1/2

[Event "Seattle Summer Kickoff (1-3 Open)"]
[Site "Chess.com"]
[Date "2020.06.13"]
[Round "1"]
[White "Moghe, Arjun"]
[Black "Edmond, Ivy"]
[Result "1-0"]
[WhiteElo "1214"]
[BlackElo "1032"]
[PlyCount "93"]
[EventDate "2020.??.??"]
[SourceDate "2020.06.27"]

1. e4 c5 2. Nf3 Nc6 3. d4 cxd4 4. Nxd4 e5 5. Nxc6 bxc6 6. Bc4 Nf6 7. Nc3 Bc5 8.
O-O O-O 9. Bg5 h6 10. Bd2 d6 11. Na4 Bb6 12. Nxb6 axb6 13. Bd3 d5 14. exd5 cxd5
15. Bb5 Bd7 16. Bxd7 Qxd7 17. Re1 Rfe8 18. h3 Rad8 19. Bb4 Qb5 20. Bd2 Qxb2 21.
Rb1 Qxa2 22. Rxb6 Qa7 23. Rb1 Ne4 24. Be3 d4 25. Bxh6 gxh6 26. Rxe4 Kf8 27. Qh5
Ke7 28. Rxe5+ Kd7 29. Qxf7+ Kd6 30. Qxa7 Kxe5 31. Re1+ Kd5 32. Rxe8 Rxe8 33.
Qf7+ Re6 34. f4 Kd6 35. f5 Re1+ 36. Kf2 Re3 37. f6 Rc3 38. Qe7+ Kd5 39. f7
Rxc2+ 40. Kg3 d3 41. f8=Q d2 42. Qf5+ Kd4 43. Qxc2 d1=Q 44. Qxd1+ Kc4 45. Qc7+
Kb5 46. Qb1+ Ka4 47. Qa7# 1-0

[Event "Seattle Summer Kickoff (1-3 Open)"]
[Site "Chess.com"]
[Date "2020.06.13"]
[Round "1"]
[White "Shanmugam, Varsha"]
[Black "Zuo, Edward"]
[Result "1-0"]
[WhiteElo "1001"]
[BlackElo "1209"]
[PlyCount "63"]
[EventDate "2020.??.??"]
[SourceDate "2020.06.27"]

1. e4 e5 2. Nf3 Nc6 3. Bc4 Bc5 4. O-O d6 5. Nc3 Bg4 6. h3 Bh5 7. Nxe5 Bxd1 8.
Bxf7+ Kf8 9. Nd5 dxe5 10. Bxg8 Rxg8 11. Rxd1 Qh4 12. Rf1 Qxe4 13. Nxc7 Rc8 14.
Ne6+ Ke8 15. Nxc5 Qxc2 16. Nxb7 Rf8 17. Nd6+ Kd8 18. Nxc8 Kxc8 19. Re1 Qc5 20.
Re3 Nd4 21. Rc3 Qxc3 22. dxc3 Ne2+ 23. Kf1 Ng3+ 24. Ke1 Ne4 25. Be3 Kb7 26. Rd1
Rf7 27. f3 Ng3 28. Rd5 Re7 29. Rb5+ Kc6 30. c4 e4 31. Rc5+ Kb6 32. Re5+ 1-0

[Event "Seattle Summer Kickoff (1-3 Open)"]
[Site "Chess.com"]
[Date "2020.06.13"]
[Round "1"]
[White "Yun, Ted"]
[Black "Westover, Charlotte"]
[Result "0-1"]
[WhiteElo "980"]
[BlackElo "1150"]
[PlyCount "122"]
[EventDate "2020.??.??"]
[SourceDate "2020.06.27"]

1. e4 d5 2. f3 dxe4 3. fxe4 e5 4. d3 Nc6 5. Nf3 Nf6 6. Nc3 Bb4 7. Bd2 Bg4 8.
Qe2 Nd4 9. Qd1 Qe7 10. h3 Bxf3 11. gxf3 Nh5 12. Be3 Nf4 13. Bf2 O-O-O 14. Qd2
g5 15. O-O-O h6 16. h4 f6 17. hxg5 fxg5 18. Kb1 Qf6 19. a3 Bc5 20. Bxd4 Bxd4
21. Nb5 Bb6 22. Qc3 a6 23. Rg1 axb5 24. Rg4 Bd4 25. Qb4 Qa6 26. c3 Bf2 27. Bg2
Rxd3 28. Rh1 Qd6 29. Qxb5 Rd1+ 30. Rxd1 Qxd1+ 31. Ka2 Qd7 32. Qa5 Kd8 33. Qa8+
Qc8 34. Qa5 Qe6+ 35. b3 Ke7 36. Qxc7+ Kf6 37. Qxb7 h5 38. Rxg5 Kxg5 39. Qg7+
Ng6 40. a4 Qf6 41. Qa7 Qf4 42. Qxf2 Nh4 43. Qa7 Qd2+ 44. Ka3 Qxg2 45. Qe7+ Kh6
46. Qxe5 Ng6 47. Qf6 Qg5 48. Qa6 h4 49. Qf1 Qg3 50. b4 h3 51. c4 Qg2 52. Qc1+
Kh5 53. b5 h2 54. c5 h1=Q 55. Qxh1+ Qxh1 56. c6 Qxf3+ 57. Kb4 Qxe4+ 58. Ka5
Qe1+ 59. Ka6 Qe7 60. a5 Rh7 61. b6 Qe2# 0-1

[Event "Seattle Summer Kickoff (1-3 Open)"]
[Site "Chess.com"]
[Date "2020.06.13"]
[Round "1"]
[White "Zhao, George"]
[Black "Arul, Sharvesh"]
[Result "0-1"]
[WhiteElo "1043"]
[BlackElo "1280"]
[PlyCount "54"]
[EventDate "2020.??.??"]
[SourceDate "2020.06.27"]

1. e4 e5 2. Nf3 Nc6 3. Nc3 Nf6 4. Bc4 Bb4 5. O-O Bxc3 6. dxc3 Nxe4 7. Re1 f5 8.
Bd3 d5 9. Bxe4 fxe4 10. Bg5 Qd6 11. Nd2 O-O 12. Qg4 Bxg4 13. Re3 h6 14. Bh4 Qg6
15. Rg3 Qf5 16. h3 Qxf2+ 17. Kh2 Qxd2 18. Rxg4 Qxc2 19. b4 Qxc3 20. Rg3 Qxb4
21. Rb3 Qd4 22. Rc1 e3 23. Be1 e2 24. Rc2 Qf4+ 25. g3 Qf2+ 26. Bxf2 Rxf2+ 27.
Kg1 e1=Q# 0-1

[Event "Seattle Summer Kickoff (1-3 Open)"]
[Site "Chess.com"]
[Date "2020.06.13"]
[Round "2"]
[White "Arul, Sharvesh"]
[Black "Shanmugam, Varsha"]
[Result "1-0"]
[WhiteElo "1280"]
[BlackElo "1001"]
[PlyCount "39"]
[EventDate "2020.??.??"]
[SourceDate "2020.06.27"]

1. e4 e5 2. Nf3 Nc6 3. Nc3 Nf6 4. Bb5 a6 5. Bxc6 dxc6 6. Nxe5 Qd4 7. Nf3 Qc5 8.
d4 Qb6 9. O-O Bg4 10. Be3 O-O-O 11. e5 Qxb2 12. exf6 Qxc3 13. fxg7 Bxg7 14. h3
Bh5 15. g4 Bg6 16. Rc1 Rhe8 17. Re1 h5 18. Bg5 Rd7 19. Rxe8+ Rd8 20. Rxd8# 1-0

[Event "Seattle Summer Kickoff (1-3 Open)"]
[Site "Chess.com"]
[Date "2020.06.13"]
[Round "2"]
[White "Cheng, Selina"]
[Black "Guo, Aaron"]
[Result "0-1"]
[WhiteElo "864"]
[BlackElo "1204"]
[PlyCount "52"]
[EventDate "2020.??.??"]
[SourceDate "2020.06.27"]

1. e4 e5 2. Nf3 Nc6 3. Nc3 Nf6 4. Bb5 Bb4 5. Bxc6 dxc6 6. Nxe5 O-O 7. Nf3 Re8
8. O-O Bxc3 9. bxc3 Nxe4 10. Re1 Nf6 11. d4 Bf5 12. Bf4 Qd7 13. Rb1 Rab8 14.
Ne5 Qd5 15. Bg5 Qxa2 16. Bxf6 gxf6 17. Nf3 Bxc2 18. Qd2 Rxe1+ 19. Nxe1 Bxb1 20.
Qc1 Bg6 21. h3 Qb1 22. Qe3 a5 23. Kh2 a4 24. Nd3 a3 25. Nb4 a2 26. Nxa2 Qxa2
0-1

[Event "Seattle Summer Kickoff (1-3 Open)"]
[Site "Chess.com"]
[Date "2020.06.13"]
[Round "2"]
[White "Dmitriev, Lyan"]
[Black "Ivanovic, Mina"]
[Result "1-0"]
[WhiteElo "1366"]
[BlackElo "1286"]
[PlyCount "91"]
[EventDate "2020.??.??"]
[SourceDate "2020.06.27"]

1. e4 c5 2. c3 g6 3. d4 cxd4 4. cxd4 Bg7 5. Nf3 d6 6. Bf4 Nd7 7. Nc3 e5 8. dxe5
dxe5 9. Bg5 Ne7 10. Bc4 O-O 11. O-O Nf6 12. Nxe5 Nxe4 13. Qxd8 Rxd8 14. Nxe4
Bxe5 15. Nf6+ Kg7 16. Rad1 Bf5 17. Rxd8 Rxd8 18. Ng4 Rd4 19. Nxe5 f6 20. Bb3
fxg5 21. Re1 Nd5 22. Nc4 b5 23. Ne3 Be6 24. Nxd5 Bxd5 25. Re7+ Kh6 26. Rd7 Re4
27. f3 Bxb3 28. fxe4 Bxa2 29. Rxa7 Bb1 30. e5 Bf5 31. Rb7 Be6 32. Rxb5 Bc4 33.
Rc5 Be6 34. Rc6 Bb3 35. e6 Bxe6 36. Rxe6 Kh5 37. b4 Kh6 38. b5 Kh5 39. b6 Kh6
40. b7 Kg7 41. b8=Q Kh6 42. Qf8+ Kh5 43. Qg7 Kg4 44. Qxh7 Kf4 45. Rf6+ Kg4 46.
Qh3# 1-0

[Event "Seattle Summer Kickoff (1-3 Open)"]
[Site "Chess.com"]
[Date "2020.06.13"]
[Round "2"]
[White "Edmond, Ivy"]
[Black "Kang, William"]
[Result "0-1"]
[WhiteElo "1032"]
[BlackElo "1096"]
[PlyCount "116"]
[EventDate "2020.??.??"]
[SourceDate "2020.06.27"]

1. d4 e5 2. dxe5 Nc6 3. Nf3 Qe7 4. Bf4 Qb4+ 5. Bd2 Qxb2 6. Nc3 a6 7. Bf4 Qxc3+
8. Bd2 Qb2 9. e3 Nxe5 10. Nxe5 Qxe5 11. Bd3 Bd6 12. Qf3 Qxa1+ 13. Qd1 Qxd1+ 14.
Kxd1 Nf6 15. Bc3 Be7 16. Ke2 O-O 17. Re1 d5 18. Kf1 Bd6 19. Kg1 Re8 20. Bxf6
gxf6 21. g3 d4 22. Re2 dxe3 23. Rxe3 Rxe3 24. fxe3 Bc5 25. Bc4 Bxe3+ 26. Kg2
Bf5 27. Bb3 c5 28. c4 b5 29. Kf3 bxc4 30. Bxc4 Bd4 31. Bd5 Rd8 32. Bc4 Be6 33.
Bxa6 Bxa2 34. Bc4 Bxc4 35. Ke4 Bd5+ 36. Kd3 Bg1 37. Kc3 Bxh2 38. g4 Be5+ 39.
Kd3 c4+ 40. Kc2 Be4+ 41. Kc1 Bc3 42. g5 Be5 43. g6 Bf3 44. gxh7+ Kxh7 45. Kc2
Be4+ 46. Kc1 Bf4+ 47. Kb2 Rd2+ 48. Kc3 Ra2 49. Kxc4 Be5 50. Kc5 f5 51. Kc4 f4
52. Kb3 Ra8 53. Kc4 f3 54. Kc5 f2 55. Kc4 f1=Q+ 56. Kc5 Rc8+ 57. Kb4 Qb1+ 58.
Ka3 Ra8# 0-1

[Event "Seattle Summer Kickoff (1-3 Open)"]
[Site "Chess.com"]
[Date "2020.06.13"]
[Round "2"]
[White "Holbrook, Aidan"]
[Black "Moghe, Arjun"]
[Result "0-1"]
[WhiteElo "1046"]
[BlackElo "1214"]
[PlyCount "124"]
[EventDate "2020.??.??"]
[SourceDate "2020.06.27"]

1. e4 e5 2. Nf3 Nc6 3. Bc4 Bc5 4. c3 Nf6 5. d3 O-O 6. O-O d6 7. Re1 Ng4 8. d4
exd4 9. cxd4 Bb6 10. h3 Nf6 11. a4 a5 12. Qb3 Nxd4 13. Nxd4 Bxd4 14. Qd3 Bb6
15. Qg3 Nh5 16. Qc3 Qf6 17. Bd2 Qxf2+ 18. Kh2 Qf6 19. Rf1 Qxc3 20. Bxc3 Be6 21.
Bxe6 fxe6 22. Na3 Rxf1 23. Rxf1 Rf8 24. Rxf8+ Kxf8 25. g4 Nf4 26. Nc4 Ne2 27.
Bd2 Bg1+ 28. Kg2 Bc5 29. Nxa5 b6 30. Nb3 Nd4 31. Nxc5 bxc5 32. Kg3 Kg8 33. Kh4
Nf3+ 34. Kh5 Nxd2 35. g5 g6+ 36. Kh6 Nxe4 37. a5 Nd2 38. a6 Nc4 39. a7 Nb6 40.
h4 e5 41. h5 gxh5 42. Kxh5 e4 43. Kg4 Kg7 44. Kf4 d5 45. Ke3 Kg6 46. Kd2 Kxg5
47. Kc3 h5 48. Kd2 h4 49. Ke3 Kg4 50. Kf2 e3+ 51. Kg1 e2 52. Kf2 h3 53. Kxe2 h2
54. Kf2 h1=Q 55. Ke2 Qe4+ 56. Kd2 Qb4+ 57. Ke2 Qd4 58. Kf1 Qd2 59. Kg1 Qe2 60.
a8=Q Nxa8 61. Kh1 Kg3 62. Kg1 Qg2# 0-1

[Event "Seattle Summer Kickoff (1-3 Open)"]
[Site "Chess.com"]
[Date "2020.06.13"]
[Round "2"]
[White "Iyengar, Varun"]
[Black "Yun, Ted"]
[Result "1-0"]
[WhiteElo "1096"]
[BlackElo "980"]
[PlyCount "49"]
[EventDate "2020.??.??"]
[SourceDate "2020.06.27"]

1. e4 c5 2. Nf3 Nc6 3. d4 cxd4 4. Nxd4 Nf6 5. Nxc6 bxc6 6. Nc3 e6 7. e5 Nd5 8.
Ne4 d6 9. c4 Nb6 10. exd6 Nxc4 11. Bxc4 Qa5+ 12. Bd2 Qe5 13. Qe2 Qxb2 14. Qd1
Qe5 15. f3 Bxd6 16. O-O Qd4+ 17. Kh1 Qe5 18. Nxd6+ Qxd6 19. Bc3 Qc5 20. Qd4 Qh5
21. Rad1 Bd7 22. Qxd7+ Kf8 23. Bb4+ Kg8 24. Qd8+ Rxd8 25. Rxd8# 1-0

[Event "Seattle Summer Kickoff (1-3 Open)"]
[Site "Chess.com"]
[Date "2020.06.13"]
[Round "2"]
[White "Tessiore, Luca"]
[Black "Kuo, Declan"]
[Result "1-0"]
[WhiteElo "1455"]
[BlackElo "1120"]
[PlyCount "61"]
[EventDate "2020.??.??"]
[SourceDate "2020.06.27"]

1. d4 d5 2. c4 Nf6 3. cxd5 Nxd5 4. e4 Nf6 5. Nc3 Nc6 6. Nf3 Bg4 7. d5 Ne5 8.
Be2 e6 9. Nxe5 Bxe2 10. Qxe2 exd5 11. exd5 Qe7 12. O-O g6 13. Qb5+ Nd7 14. Nxd7
Qxd7 15. Re1+ Be7 16. Bg5 Qxb5 17. Nxb5 O-O-O 18. Bxe7 Rxd5 19. Nc3 Rd2 20. b3
Rf8 21. Bxf8 Rc2 22. Rad1 b6 23. Nd5 Rxa2 24. Rc1 Kb7 25. Rxc7+ Ka6 26. Nb4+
Ka5 27. Nxa2 f5 28. Rxa7+ Kb5 29. Rc1 g5 30. Rc4 f4 31. Nc3# 1-0

[Event "Seattle Summer Kickoff (1-3 Open)"]
[Site "Chess.com"]
[Date "2020.06.13"]
[Round "2"]
[White "Vaiti, Anushka Eva"]
[Black "Zhao, George"]
[Result "1-0"]
[WhiteElo "940"]
[BlackElo "1043"]
[PlyCount "61"]
[EventDate "2020.??.??"]
[SourceDate "2020.06.27"]

1. e4 e5 2. Nc3 Nf6 3. Nf3 Nc6 4. Bb5 Bc5 5. Bxc6 dxc6 6. h3 Bd6 7. O-O O-O 8.
d4 exd4 9. Qxd4 c5 10. Qd3 Be6 11. e5 c4 12. Qd2 Bxe5 13. Nxe5 Qe7 14. Qg5 h6
15. Qe3 Qd6 16. Nb5 Qd8 17. Qc5 Ne4 18. Qxc7 Qd5 19. Nc3 Qd4 20. Be3 Qd8 21.
Qxb7 Nxc3 22. bxc3 Qa5 23. Bd4 Rab8 24. Qe4 f5 25. Qe3 f4 26. Qe2 Qd8 27. Nc6
Qg5 28. Qxe6+ Kh7 29. Nxb8 f3 30. Qe4+ g6 31. Qb7+ 1-0

[Event "Seattle Summer Kickoff (1-3 Open)"]
[Site "Chess.com"]
[Date "2020.06.13"]
[Round "2"]
[White "Westover, Charlotte"]
[Black "Lin, Michael"]
[Result "1-0"]
[WhiteElo "1150"]
[BlackElo "1418"]
[PlyCount "44"]
[EventDate "2020.??.??"]
[SourceDate "2020.06.27"]

1. e4 e5 2. Nf3 Nc6 3. d4 exd4 4. Nxd4 Bc5 5. Be3 d5 6. Nxc6 bxc6 7. Bxc5 Qf6
8. Nc3 dxe4 9. Bc4 Qe5 10. Qd4 Qg5 11. O-O Bh3 12. Qxe4+ Ne7 13. Qxe7+ Qxe7 14.
Bxe7 Bxg2 15. Kxg2 Kxe7 16. Rfe1+ Kf8 17. Rad1 Rb8 18. b3 g6 19. Na4 Kg7 20.
Re7 Rhd8 21. Rdd7 Rxd7 22. Rxd7 Rf8 1-0

[Event "Seattle Summer Kickoff (1-3 Open)"]
[Site "Chess.com"]
[Date "2020.06.13"]
[Round "2"]
[White "Zuo, Edward"]
[Black "Liu, Vincent"]
[Result "1-0"]
[WhiteElo "1209"]
[BlackElo "1082"]
[PlyCount "67"]
[EventDate "2020.??.??"]
[SourceDate "2020.06.27"]

1. e4 e5 2. Nf3 Nc6 3. Bc4 Bc5 4. d3 Nf6 5. Bg5 d6 6. h3 h6 7. Bh4 Be6 8. Bb3
Bxb3 9. axb3 g5 10. Nxg5 hxg5 11. Bxg5 Rg8 12. h4 Bd4 13. c3 Bb6 14. Qf3 Rg6
15. Qf5 Ne7 16. Qf3 Nc6 17. Nd2 Qe7 18. Nc4 O-O-O 19. Nxb6+ cxb6 20. Qe3 Qe6
21. Ra3 d5 22. exd5 Nxd5 23. Qd2 Nc7 24. Bxd8 Kxd8 25. Rh2 Kc8 26. h5 Rg8 27.
h6 Rh8 28. Qg5 Qg6 29. Qxg6 fxg6 30. Ra4 Kb8 31. Re4 a6 32. Rg4 Ne7 33. Rg5 Ne6
34. Rxe5 1-0

[Event "Seattle Summer Kickoff (1-3 Open)"]
[Site "Chess.com"]
[Date "2020.06.13"]
[Round "3"]
[White "Chaurasia, Vihaan"]
[Black "Zuo, Edward"]
[Result "1-0"]
[WhiteElo "930"]
[BlackElo "1209"]
[PlyCount "117"]
[EventDate "2020.??.??"]
[SourceDate "2020.06.27"]

1. e4 e5 2. Nf3 Nc6 3. Bb5 Bc5 4. O-O Nf6 5. Nc3 O-O 6. d3 d6 7. Bg5 Bg4 8. h3
Be6 9. Nd5 Bxd5 10. exd5 Nd4 11. Nxd4 Bxd4 12. Bc4 h6 13. Bh4 c6 14. dxc6 bxc6
15. Rb1 d5 16. Bb3 Rb8 17. Qf3 Kh8 18. c3 Bb6 19. Rfe1 Bc7 20. c4 Qd6 21. Bxf6
Qxf6 22. Qxf6 gxf6 23. cxd5 cxd5 24. Bxd5 Ba5 25. Rf1 Rbd8 26. Bc4 Rd7 27. Bb5
Rb7 28. Ba6 Rb6 29. Bc4 Bb4 30. Bb3 Rd6 31. Rfd1 Rd7 32. Ba4 Rc7 33. Rbc1 Re7
34. Rc2 Rg8 35. Rdc1 Rd7 36. Bxd7 a5 37. Rc8 Rxc8 38. Rxc8+ Kh7 39. Rc7 Kg8 40.
Be8 Kf8 41. Bxf7 Kg7 42. a3 Bd2 43. Kf1 Bg5 44. g3 Kf8 45. Ke1 a4 46. h4 Kg7
47. hxg5 hxg5 48. Bb3+ Kh8 49. Bxa4 f5 50. Rf7 e4 51. Rxf5 g4 52. dxe4 Kg7 53.
Rf4 Kh8 54. Rxg4 Kh7 55. e5 Kh6 56. e6 Kh7 57. e7 Kh6 58. e8=Q Kh7 59. Qh5# 1-0

[Event "Seattle Summer Kickoff (1-3 Open)"]
[Site "Chess.com"]
[Date "2020.06.13"]
[Round "3"]
[White "Dmitriev, Lyan"]
[Black "Westover, Charlotte"]
[Result "0-1"]
[WhiteElo "1366"]
[BlackElo "1150"]
[PlyCount "134"]
[EventDate "2020.??.??"]
[SourceDate "2020.06.27"]

1. e4 d5 2. exd5 Nf6 3. Nf3 Nxd5 4. Bc4 Nc6 5. O-O Bf5 6. a3 e6 7. d3 Bc5 8. d4
Bd6 9. Re1 O-O 10. Ne5 Nxe5 11. dxe5 Bc5 12. Nd2 Bd4 13. Nb3 Bb6 14. a4 c6 15.
a5 Bc7 16. Nc5 b6 17. axb6 Nxb6 18. Bf4 Qxd1 19. Raxd1 Nxc4 20. Na6 Bb6 21. b3
Na5 22. b4 Nb7 23. Rd7 Nd8 24. Re2 Rc8 25. Red2 Re8 26. Bg5 Kf8 27. c4 c5 28.
bxc5 Ba5 29. R2d6 Kg8 30. h3 Be4 31. Bxd8 Bxd8 32. Nb4 Be7 33. Ra6 Bxc5 34. Na2
Bb6 35. Ra4 Bc6 36. Rdxa7 Bxa7 37. Rxa7 Ra8 38. Rxa8 Rxa8 39. Nb4 Be4 40. c5
Rc8 41. Na6 Bb7 42. c6 Rxc6 43. Nb8 Rc7 44. Kf1 Kf8 45. Ke2 Ke8 46. Kd3 Kd8 47.
Kd4 Kc8 48. h4 Kxb8 49. f4 Kc8 50. g4 Kd8 51. f5 Ke7 52. g5 exf5 53. h5 Ke6 54.
g6 fxg6 55. hxg6 hxg6 56. Ke3 Rc5 57. Kd3 Rxe5 58. Kd4 f4 59. Kc3 f3 60. Kd4 f2
61. Kc3 f1=Q 62. Kd4 Qd1+ 63. Kc3 Rc5+ 64. Kb4 Qc1 65. Kb3 Qb1+ 66. Ka4 Bc6+
67. Ka3 Ra5# 0-1

[Event "Seattle Summer Kickoff (1-3 Open)"]
[Site "Chess.com"]
[Date "2020.06.13"]
[Round "3"]
[White "Guo, Aaron"]
[Black "Arul, Sharvesh"]
[Result "1-0"]
[WhiteElo "1204"]
[BlackElo "1280"]
[PlyCount "45"]
[EventDate "2020.??.??"]
[SourceDate "2020.06.27"]

1. e4 e5 2. Nf3 Nc6 3. Bc4 Bc5 4. O-O Nf6 5. c3 d5 6. exd5 Nxd5 7. d4 exd4 8.
cxd4 Nce7 9. h3 Bb6 10. Re1 O-O 11. Qe2 Ba5 12. Bxd5 Bxe1 13. Bg5 Bb4 14. Bc4
Bf5 15. Nc3 h6 16. Bh4 a6 17. Re1 g5 18. Nxg5 hxg5 19. Bxg5 Re8 20. Qh5 Bg6 21.
Qh6 Qxd4 22. g4 Qxc4 23. Bf6 1-0

[Event "Seattle Summer Kickoff (1-3 Open)"]
[Site "Chess.com"]
[Date "2020.06.13"]
[Round "3"]
[White "Kang, William"]
[Black "Cheng, Selina"]
[Result "1-0"]
[WhiteElo "1096"]
[BlackElo "864"]
[PlyCount "111"]
[EventDate "2020.??.??"]
[SourceDate "2020.06.27"]

1. e4 e5 2. Nf3 Nc6 3. Bc4 Nf6 4. Ng5 d5 5. exd5 Na5 6. Bb3 Bc5 7. c3 Bg4 8. f3
Bh5 9. Ba4+ c6 10. b4 Bf2+ 11. Kxf2 Nc4 12. dxc6 O-O 13. cxb7 Rb8 14. g4 Bg6
15. h4 h6 16. Nh3 Qb6+ 17. Ke1 Qxb7 18. g5 hxg5 19. hxg5 Nh5 20. d3 Nd6 21. f4
exf4 22. Nxf4 Rfe8+ 23. Kf2 Nxf4 24. Bxf4 Re6 25. Qf3 Qb6+ 26. Kf1 Qa6 27. Qh3
Bxd3+ 28. Kf2 Qb6+ 29. Kg3 Nf5+ 30. Kf3 Re3+ 31. Bxe3 Qxe3+ 32. Kg2 Qe2+ 33.
Kg1 Qf1+ 34. Qxf1 Bxf1 35. Kxf1 Re8 36. Bxe8 Ng3+ 37. Kg1 Ne2+ 38. Kf2 Nf4 39.
Ke3 Ng2+ 40. Ke4 f5+ 41. Kxf5 Ne3+ 42. Kg6 Kf8 43. Rh8+ Ke7 44. Kxg7 Nc2 45.
Nd2 Nxa1 46. Kh7 Nc2 47. g6 Ne3 48. g7 Nf5 49. g8=Q Kf6 50. Qf7+ Ke5 51. Qh5
Kf4 52. Rf8 Ke3 53. Qxf5 Kxd2 54. Qh3 Kc2 55. Rf2+ Kd1 56. Qh1# 1-0

[Event "Seattle Summer Kickoff (1-3 Open)"]
[Site "Chess.com"]
[Date "2020.06.13"]
[Round "3"]
[White "Kuo, Declan"]
[Black "Vaiti, Anushka Eva"]
[Result "0-1"]
[WhiteElo "1120"]
[BlackElo "940"]
[PlyCount "144"]
[EventDate "2020.??.??"]
[SourceDate "2020.06.27"]

1. e4 e5 2. Nf3 Nc6 3. Nc3 Nf6 4. Bc4 h6 5. d3 Bb4 6. Bd2 d6 7. a3 Bxc3 8. Bxc3
O-O 9. O-O Bg4 10. h3 Bd7 11. Nh4 Qe7 12. Qf3 Be6 13. Bxe6 Qxe6 14. Qg3 g6 15.
Bd2 g5 16. Bxg5 hxg5 17. Qxg5+ Kh8 18. Nf5 Rg8 19. Qh6+ Nh7 20. Qxe6 fxe6 21.
Nh4 Rg7 22. Rfe1 d5 23. exd5 exd5 24. b4 Nf6 25. b5 Nd4 26. Rxe5 Nxc2 27. Ra2
Nd4 28. a4 c6 29. bxc6 bxc6 30. Re4 dxe4 31. dxe4 Nxe4 32. a5 c5 33. Ra4 Ne2+
34. Kf1 Nd4 35. f3 Nd2+ 36. Ke1 N2b3 37. Kd1 Rd8 38. Ke1 Nc2+ 39. Kf2 Rd2+ 40.
Kf1 Ne3+ 41. Ke1 Nxg2+ 42. Kf1 Nxh4 43. Rxh4+ Rh7 44. Ra4 Rd1+ 45. Ke2 Rd2+ 46.
Ke1 Re7+ 47. Kf1 Rd1+ 48. Kf2 Rd2+ 49. Kg3 Rg7+ 50. Kf4 Rd4+ 51. Rxd4 cxd4 52.
Ke4 Rd7 53. Kd3 Nc5+ 54. Kc4 Ne6 55. Kd3 Nf4+ 56. Ke4 Nxh3 57. Kd3 Nf2+ 58. Ke2
d3+ 59. Kd2 Rd5 60. a6 Rf5 61. Ke3 Rd5 62. Kd2 Kg7 63. f4 Kf6 64. f5 Kxf5 65.
Ke3 d2 66. Kxf2 d1=Q 67. Kg3 Qg1+ 68. Kf3 Rd3+ 69. Ke2 Qe3+ 70. Kf1 Rd1+ 71.
Kg2 Kf4 72. Kh2 Qg3# 0-1

[Event "Seattle Summer Kickoff (1-3 Open)"]
[Site "Chess.com"]
[Date "2020.06.13"]
[Round "3"]
[White "Lin, Michael"]
[Black "Holbrook, Aidan"]
[Result "1-0"]
[WhiteElo "1418"]
[BlackElo "1046"]
[PlyCount "49"]
[EventDate "2020.??.??"]
[SourceDate "2020.06.27"]

1. e4 e6 2. d4 d5 3. exd5 exd5 4. Nf3 c6 5. Bf4 Bd6 6. Bg3 Ne7 7. Nc3 O-O 8.
Bd3 Re8 9. O-O Nd7 10. Bxd6 Nf6 11. Ba3 Qc7 12. Re1 Be6 13. Ng5 Qd7 14. Qf3 h6
15. Nxe6 fxe6 16. Ne2 b5 17. Nf4 Rab8 18. Bc5 a5 19. Rxe6 g5 20. Rxf6 Rf8 21.
Nh5 g4 22. Qf4 Rbe8 23. Qxh6 Nc8 24. Rxf8+ Rxf8 25. Qxf8# 1-0

[Event "Seattle Summer Kickoff (1-3 Open)"]
[Site "Chess.com"]
[Date "2020.06.13"]
[Round "3"]
[White "Liu, Vincent"]
[Black "Ivanovic, Mina"]
[Result "0-1"]
[WhiteElo "1082"]
[BlackElo "1286"]
[PlyCount "36"]
[EventDate "2020.??.??"]
[SourceDate "2020.06.27"]

1. e4 c5 2. Nf3 Nc6 3. Bb5 g6 4. Nc3 Bg7 5. d3 a6 6. Bxc6 bxc6 7. O-O d5 8.
exd5 cxd5 9. Be3 d4 10. Bxd4 cxd4 11. Ne4 Nf6 12. Nxf6+ Bxf6 13. Qe2 O-O 14.
Qd2 Bg7 15. Ng5 e6 16. Rad1 Bb7 17. Qf4 Qd5 18. f3 Bh6 0-1